|
|
|
|
| LEADER |
00000nab a2200000 ar4500 |
| 001 |
vtls009282194 |
| 003 |
SK-MaSNL |
| 005 |
20260303232536.0 |
| 008 |
080403c2008 xo |||||||||||000 b|slo |
| 015 |
|
|
|a SNBRB2008/04
|2 snkbucl
|
| 038 |
|
|
|a SNKBUCL
|
| 040 |
|
|
|a SNKBUCL
|b slo
|c SNKBUCL
|e AACR2
|
| 041 |
0 |
|
|a slo
|
| 044 |
|
|
|a xo
|c SK
|
| 080 |
|
|
|a 635.922
|2 1997
|
| 100 |
1 |
|
|a Horeličanová, Lucia
|4 aut
|9 1031792
|
| 245 |
1 |
0 |
|a Skôr ako vysadíte trvalky
|c Lucia Horeličanová
|
| 300 |
|
|
|b Fotogr.
|
| 650 |
0 |
7 |
|a trvalky
|2 snkbucl
|9 15196
|
| 650 |
0 |
7 |
|a výsadba
|2 snkbucl
|9 29316
|
| 773 |
0 |
|
|t Záhradkár
|g Roč. XLIV, č. 4 (2008), s. 20-21
|x 0862-5565
|
| 852 |
|
|
|a SNK
|b KIS3GCP
|
| 999 |
|
|
|c 2272467
|d 2274397
|